| 000 | 00399nam a2200157Ia 4500 | ||
|---|---|---|---|
| 008 | 230719s9999 xx 000 0 und d | ||
| 041 | _aeng | ||
| 082 |
_a670 _bJIG |
||
| 100 |
_aJones E.J.H. _9203793 |
||
| 245 |
_aProduction Engineering _bJig and Tool Design |
||
| 250 | _a7th ed. | ||
| 260 |
_c1964 _bB.I. Publishers |
||
| 300 | _a355 | ||
| 365 |
_cRs. _b871.00 |
||
| 700 |
_aJones E.J.H. _9203793 |
||
| 999 |
_c354269 _d354269 |
||